Černá vdova z Anglie Accuracy International AX 308 Black Rifle

Bibliographic Details
Main Author: Kučera, Pavel (Author)
Format: Article
Language:Czech
PhysicalDescription:Fotogr.
ISSN:1212-5210
Subjects:

MARC

LEADER 00000nab a2200000 a 4500
001 vtls010642444
003 SK-MaSNL
005 20260303085327.0
008 141211 2014 xo m p 000 0 cze
015 |a SNBRB2014/12  |2 lmaosk 
040 |a LMAOSK  |b slo  |c LMAOSK  |e AACR2 
041 0 |a cze 
044 |a xo  |c SK 
080 |a 623.441/.443  |2 2001 
080 |a 623.442  |2 2001 
080 |a (046)  |2 2001 
100 1 |a Kučera, Pavel  |4 aut  |9 282250 
245 1 0 |a Černá vdova z Anglie  |b Accuracy International AX 308 Black Rifle  |c Pavel Kučera 
300 |b Fotogr. 
500 |a Obsahuje charakteristiku, technické údaje 
650 0 7 |a Accuracy International AX 308 Black Rifle (odstreľovacie pušky)  |2 LMAOSK  |9 1094681 
650 0 7 |a strelné zbrane  |2 SNKPH  |9 68540 
650 0 7 |a pušky  |2 SNKPH  |9 13773 
650 0 7 |a opakovacie pušky  |2 LMAOSK  |9 1086660 
650 0 7 |a odstreľovacie pušky  |2 LMAOSK  |9 472021 
655 7 |a články  |2 SNKPH  |9 70601 
773 0 |t Zbraně & náboje  |g Roč. XVI, č. 12 (2014), s. 10-15  |x 1212-5210 
852 |a LMAOSK  |b KIS3GCP 
958 |a NB 
999 |c 1798786  |d 1800716